000 00586nam a2200217 a 4500
999 _c954
_d954
008 191111r20082011ii a|||g |||| 00| 0ceng d
020 _a9788179926987
_cRs. 295.00
040 _aKO
_beng
041 0 _aeng
044 _aii
082 0 4 _223
_a920.054
_bL15
100 1 _aLal, S.
245 1 0 _a50 Magnificent Indians of the 20th century /
_cS. Lal
260 _aMumbai :
_bJaico Publishing House ,
_c2008, reprinted 2011
300 _axv, 319 p. ;
_c22 cm
650 0 _aCelebrities
_vBiography
_zIndia
650 0 _aCelebrities
_zIndia
904 _aA_BOSE
942 _cBK